Central Library OPAC University of Rajshahi
Normal view MARC view

Entry Personal Name

Number of records used in: 8

001 - CONTROL NUMBER

  • control field: 712

003 - CONTROL NUMBER IDENTIFIER

  • control field: BD-RjUL

005 - DATE AND TIME OF LATEST TRANSACTION

  • control field: 20220113094825.0

008 - FIXED-LENGTH DATA ELEMENTS

  • fixed length control field: 220113|| aca||aabn | a|a d

040 ## - CATALOGING SOURCE

  • Original cataloging agency: BD-RjUL
  • Transcribing agency: BD-RjUL

100 ## - HEADING--PERSONAL NAME

  • Personal name: Edgar Albert Schuler

670 ## - SOURCE DATA FOUND

  • Source citation: Work cat.: (BD-RjUL)33135: 1905- 100649, Entry Here/===================, 1952